000 00264nam a2200109Ia 4500
008 230917s9999||||xx |||||||||||||| ||und||
040 _e189705
_aMAIN
041 _aEnglish
100 _afisher, W J
245 0 _aAmerican literature of the 19th century
942 _cBK
999 _c61887
_d61887